| 000 | 00611nam a22002053 4500 | ||
|---|---|---|---|
| 001 | 13445 | ||
| 003 | BD-RjUL | ||
| 005 | 20211208235445.0 | ||
| 008 | 140201s1964 enk 001 0 eng d | ||
| 035 |
_aOCLC pks04065855 from D970225K _a(BD-RjUL)13496 |
||
| 040 |
_aEQO _cEQO _beng _dBD-RjUL |
||
| 041 | _aeng | ||
| 082 |
_a625.1 _bSRB 1964 |
||
| 100 | 1 |
_aSrinivasan, S. A. _941941 |
|
| 245 | 1 | 0 |
_aBasic concepts in signal engineering / _cSrinivasan, S. A. |
| 260 |
_aLondon : _cc1964. _bAsia publishing, |
||
| 300 |
_aix, 135 p. : _bill. ; _c26 cm. |
||
| 650 |
_a Railroads _zSignaling. _941942 |
||
| 942 |
_2ddc _cBK |
||
| 999 |
_c13445 _d13445 |
||